000
00308nam a2200133Ia 4500
100
_a
Aho/ A.V. & others
942
_c
BK
654
_a
Data structures & algorithms
245
_a
Data structures & Algorithms
260
_b
Addison Wesly
_a
London
_c
1982
300
_a
344
546
_a
ENGLISH
999
_c
27596
_d
27596